| 000 | 00941nam a22003257a 4500 | ||
|---|---|---|---|
| 001 | BR9508980 | ||
| 003 | BR-BrBNA | ||
| 005 | 20230928095038.0 | ||
| 007 | ta | ||
| 008 | 230509b bl.||||| |||| 00| 0 por d | ||
| 040 |
_aBR-BrBNA _bpor _cBiblioteca Nacional de Agricultura |
||
| 041 | _a(Por) | ||
| 072 |
_aH10 _b1000 _b4010 |
||
| 090 | _ 1000 BR9508980 | ||
| 100 | 1 | _aDonadio, L.C. | |
| 100 | 1 | _aGravena, S.(coords.) | |
| 110 | 1 | _aFundacao Cargill, Campinas, SP (Brasil) | |
| 111 | 1 |
_a3. Seminario Internacional de Citros-MIP _cBebedouro, SP (Brazil) _d5-8 Dec 1994 |
|
| 245 | 1 | _aManejo integrado de pragas dos citros | |
| 260 | 3 |
_aCampinas, SP (Brasil): _c1994. |
|
| 300 | _a310 p. | ||
| 650 | _aFruta Citrica | ||
| 650 | _aPraga de Planta | ||
| 650 | _aControle Quimico | ||
| 650 | _aControle Biologico | ||
| 650 | _aAgrotoxico | ||
| 650 | _aControle Integrado | ||
| 909 |
_a202309 _bLucia _c55 _dLucia Elande |
||
| 942 | _cBK | ||
| 999 |
_c54172 _d54172 |
||